[Event "XXXIV Memorial Edoardo Crespi B"]
[Site "Milano ITA"]
[Date "2013.12.08"]
[Round "7"]
[White "Bertora, Silvano"]
[Black "Gorini, Michele"]
[WhiteElo "1632"]
[BlackElo "1486"]
[Result "1/2-1/2"]
[PlyCount "95"]
[EventDate "2013.12.04"]

1. Nf3 b6 2. c4 c5 3. e3 Nf6 4. Nc3 Bb7 5. d4 e6 6. Be2 Be7 7. O-O d5 8. Ne5
Nbd7 9. Bf3 Nxe5 10. dxe5 Ne4 11. Qc2 Nxc3 12. Qxc3 O-O 13. b3 d4 14. exd4 Bxf3
15. Qxf3 cxd4 16. Qg3 Kh8 17. Rd1 f6 18. Be3 fxe5 19. Qxe5 Bf6 20. Qxe6 Re8 21.
Qg4 Qe7 22. Bxd4 Bxd4 23. Qxd4 Rad8 24. Qg4 Rd2 25. h3 Red8 26. Rxd2 Rxd2 27.
Rd1 Rxd1+ 28. Qxd1 h6 29. a4 a5 30. f3 Qc5+ 31. Kh1 Qe7 32. Qd3 Qe1+ 33. Kh2
Qe5+ 34. g3 Qb2+ 35. Kg1 Qa1+ 36. Kf2 Qb2+ 37. Ke3 Qe5+ 38. Kf2 Qb2+ 39. Kg1
Qa1+ 40. Qf1 Qd4+ 41. Kh1 Qd6 42. g4 Qg3 43. Qg2 Qe1+ 44. Kh2 Qe5+ 45. Kh1 Qc3
46. Qa2 Qxf3+ 47. Kh2 Qf4+ 48. Kg2 1/2-1/2

[Event "XXXIV Memorial Edoardo Crespi B"]
[Site "Milano ITA"]
[Date "2013.12.08"]
[Round "7"]
[White "Biava, Pierluigi"]
[Black "Manca, Renato"]
[WhiteElo "1686"]
[BlackElo "1629"]
[Result "1-0"]
[PlyCount "93"]
[EventDate "2013.12.04"]

1. e4 c5 2. f4 e5 3. d3 exf4 4. Bxf4 d5 5. Nc3 d4 6. Nd5 Bd6 7. Ne2 Bxf4 8.
Nexf4 Nf6 9. g3 O-O 10. Be2 Re8 11. Qd2 Nc6 12. O-O Ne5 13. Nxf6+ Qxf6 14. Nd5
Qd6 15. Rf4 b5 16. c4 bxc4 17. dxc4 Bh3 18. b3 Qh6 19. Rd1 d3 20. Bxd3 Bg4 21.
Be2 Bxe2 22. Qxe2 Rac8 23. Rdf1 Re6 24. Rh4 Qg6 25. Nf4 Qf6 26. Nxe6 Qxe6 27.
Qh5 h6 28. Qf5 Qe8 29. Rd1 Nc6 30. Qxc5 Ne5 31. Qf2 Qe6 32. Rd5 Ng6 33. Rf4
Nxf4 34. Qxf4 Qb6+ 35. Kg2 Qa6 36. a4 Qb7 37. Rb5 Qd7 38. Qf5 Qd2+ 39. Kh3 Re8
40. Rd5 Qe2 41. Rd7 f6 42. Qg6 Qf1+ 43. Kh4 Rxe4+ 44. Qxe4 g5+ 45. Kh5 Qh3+ 46.
Kg6 Qxd7 47. Qd5+ 1-0

[Event "XXXIV Memorial Edoardo Crespi B"]
[Site "Milano ITA"]
[Date "2013.12.08"]
[Round "7"]
[White "Borgognoni, Domenico"]
[Black "Izzo, Riccardo"]
[WhiteElo "1518"]
[BlackElo "1601"]
[Result "0-1"]
[PlyCount "114"]
[EventDate "2013.12.04"]

1. d4 d5 2. Nf3 Nf6 3. e3 Bf5 4. Bd3 Bg6 5. c3 e6 6. Qc2 c6 7. Nbd2 Nbd7 8. O-O
Bd6 9. Re1 Qc7 10. Bxg6 hxg6 11. g3 Ng4 12. e4 dxe4 13. Nxe4 O-O-O 14. Nxd6+
Qxd6 15. Bf4 Qd5 16. Qe4 Qxe4 17. Rxe4 Ndf6 18. Re2 Nd5 19. Bg5 Rde8 20. Rae1
f6 21. Bd2 Kd7 22. Kg2 b5 23. b3 Nb6 24. h4 a5 25. Re4 Nh6 26. Nh2 f5 27. R4e2
a4 28. Nf3 Nf7 29. Ne5+ Nxe5 30. Rxe5 Rhf8 31. Bg5 Nd5 32. Bd2 Nb6 33. Bg5 Nd5
34. Bd2 Nf6 35. f3 Nd5 36. Kf2 Nc7 37. Bg5 axb3 38. axb3 Ra8 39. Bd2 Ra2 40.
Ke2 Rb2 41. b4 Ra8 42. Kd3 Raa2 43. R5e2 Nd5 44. Rf1 Rb3 45. Rc1 Nxb4+ 46. Ke3
Nd5+ 47. Kd3 Nb6 48. Be1 Rxe2 49. Kxe2 Rb2+ 50. Ke3 Nd5+ 51. Kd3 Rg2 52. Rd1
Ra2 53. Rd2 Ra3 54. Rc2 b4 55. Kd2 bxc3+ 56. Ke2 Rb3 57. Kf1 Ne3+ 0-1

[Event "XXXIV Memorial Edoardo Crespi B"]
[Site "Milano ITA"]
[Date "2013.12.08"]
[Round "7"]
[White "Calabrese, Maurizio"]
[Black "Figini, Vittorio"]
[WhiteElo "1434"]
[BlackElo "1468"]
[Result "1-0"]
[PlyCount "87"]
[EventDate "2013.12.04"]

1. d4 Nf6 2. c4 e6 3. Nf3 c5 4. g3 cxd4 5. Nxd4 Nc6 6. Nxc6 bxc6 7. Bg2 Bb7 8.
O-O Be7 9. Qd3 Rb8 10. Be3 c5 11. Bf4 Bxg2 12. Kxg2 d6 13. Nc3 a6 14. f3 Rxb2
15. Rab1 Rxb1 16. Rxb1 O-O 17. e4 Nd7 18. Rb3 Qc7 19. Qb1 Rb8 20. Nd1 Bf6 21.
Bc1 Bd4 22. Bb2 e5 23. Nc3 Nb6 24. Nd5 Nxd5 25. cxd5 Rxb3 26. axb3 Qb6 27. Bc1
Qb4 28. Qa2 a5 29. Qa4 Qxa4 30. bxa4 Bc3 31. f4 f6 32. Kf3 Kf7 33. Ke3 Ke7 34.
Kd3 Bb4 35. f5 Kd7 36. h3 Kc7 37. Bd2 Kb6 38. h4 h5 39. Be3 Be1 40. Kc4 Bxg3
41. Bxc5+ dxc5 42. d6 Bxh4 43. Kd5 c4 44. Ke6 1-0

[Event "XXXIV Memorial Edoardo Crespi B"]
[Site "Milano ITA"]
[Date "2013.12.08"]
[Round "7"]
[White "Casati, Ivan Mario"]
[Black "Baronio, Gaia"]
[WhiteElo "1336"]
[BlackElo "1591"]
[Result "0-1"]
[PlyCount "26"]
[EventDate "2013.12.04"]

1. d4 d5 2. c4 c6 3. Nc3 Nf6 4. Nf3 dxc4 5. a4 Bf5 6. e3 e6 7. Bxc4 Bb4 8. O-O
Nbd7 9. Bd3 Bxd3 10. Qxd3 O-O 11. b3 Qc7 12. h3 Rfd8 13. Qe2 Bxc3 0-1

[Event "XXXIV Memorial Edoardo Crespi B"]
[Site "Milano ITA"]
[Date "2013.12.08"]
[Round "7"]
[White "Conta, Diego"]
[Black "Pavlidis, Pavlos"]
[WhiteElo "1652"]
[BlackElo "1459"]
[Result "1-0"]
[PlyCount "67"]
[EventDate "2013.12.04"]

1. e4 c5 2. f4 e6 3. Nf3 Nc6 4. Nc3 d5 5. exd5 exd5 6. d3 Nf6 7. g3 Bg4 8. Bg2
Nd4 9. O-O Be7 10. Ne2 Nxf3+ 11. Bxf3 Bh3 12. Bg2 Qd7 13. Rf2 O-O 14. Qf1 Bxg2
15. Qxg2 Ng4 16. Rf3 Rfe8 17. h3 Nf6 18. Bd2 d4 19. c4 Bd6 20. b3 Re7 21. g4
Rae8 22. Ng3 Qc7 23. g5 Nd7 24. Ne4 Kh8 25. Nxd6 Qxd6 26. Kf1 Qe6 27. Rf2 Qf5
28. Qf3 Re3 29. Bxe3 Rxe3 30. Re1 Qxd3+ 31. Kg1 Ne5 32. Rxe3 Qxe3 33. fxe5
Qxg5+ 34. Qg2 1-0

[Event "XXXIV Memorial Edoardo Crespi B"]
[Site "Milano ITA"]
[Date "2013.12.08"]
[Round "7"]
[White "D'Apa, Massimo"]
[Black "Carito, Riccardo"]
[WhiteElo "1724"]
[BlackElo "1697"]
[Result "1-0"]
[PlyCount "65"]
[EventDate "2013.12.04"]

1. e4 c6 2. d4 d5 3. exd5 cxd5 4. c4 Nf6 5. cxd5 Qxd5 6. Nc3 Qd8 7. h3 e6 8.
Nf3 a6 9. Bc4 b5 10. Bd3 Bb7 11. O-O Bd6 12. Be3 Nbd7 13. Rc1 O-O 14. Qc2 Bxf3
15. gxf3 Rc8 16. Qd2 Nd5 17. Nxd5 exd5 18. Bg5 Nf6 19. Rxc8 Qxc8 20. Bxf6 Qxh3
21. Be5 Bxe5 22. dxe5 Qxf3 23. Qe2 Qf4 24. Re1 Qg5+ 25. Kf1 Qh6 26. Qf3 d4 27.
Qg4 Qh1+ 28. Ke2 Qd5 29. Qe4 Qxe4+ 30. Bxe4 Re8 31. f4 f6 32. Bd5+ Kf8 33. Kd3
1-0

[Event "XXXIV Memorial Edoardo Crespi B"]
[Site "Milano ITA"]
[Date "2013.12.08"]
[Round "7"]
[White "Da Campo, Giuseppe"]
[Black "Poletto, Daniele"]
[WhiteElo "1628"]
[BlackElo "1752"]
[Result "1/2-1/2"]
[PlyCount "63"]
[EventDate "2013.12.04"]

1. d4 Nf6 2. c4 g6 3. Nc3 Bg7 4. e4 d6 5. f3 O-O 6. Bg5 h6 7. Be3 e5 8. d5 Nh5
9. Qd2 Kh7 10. g4 Nf4 11. Bxf4 exf4 12. Qxf4 Be5 13. Qe3 Qh4+ 14. Qf2 Qxf2+ 15.
Kxf2 f5 16. gxf5 gxf5 17. Bd3 Na6 18. Nge2 Nc5 19. Bc2 fxe4 20. Bxe4+ Nxe4+ 21.
Nxe4 Bxb2 22. Rab1 Be5 23. Ke3 b6 24. f4 Bh8 25. N2g3 Bd7 26. Rhf1 Rf7 27. Rf2
Raf8 28. h3 Re7 29. Kd3 Ref7 30. Ke3 Re7 31. Kd3 Ref7 32. Ke3 1/2-1/2

[Event "XXXIV Memorial Edoardo Crespi B"]
[Site "Milano ITA"]
[Date "2013.12.08"]
[Round "7"]
[White "Frignani, Alessandro"]
[Black "Lachat, Martin"]
[WhiteElo "1369"]
[BlackElo "1663"]
[Result "0-1"]
[PlyCount "86"]
[EventDate "2013.12.04"]

1. e4 e5 2. Bc4 Nf6 3. Qf3 Be7 4. Qb3 O-O 5. d3 Nc6 6. Nf3 Na5 7. Qc3 Nxc4 8.
Qxc4 d6 9. Qb3 c6 10. Nc3 Qc7 11. Ne2 Be6 12. Qc3 Nh5 13. Bd2 f5 14. b3 fxe4
15. dxe4 Nf4 16. Nxf4 exf4 17. O-O-O Bf6 18. Qd3 Rfd8 19. Rde1 d5 20. e5 Be7
21. Qd4 c5 22. Qb2 b5 23. a3 a5 24. Kb1 b4 25. a4 c4 26. c3 Bf5+ 27. Ka1 Be4
28. Nd4 Qb6 29. f3 Bg6 30. h4 Bc5 31. h5 Be8 32. Ne2 bxc3 33. Nxc3 Qxb3 34.
Qxb3 cxb3 35. Kb2 Bd4 36. Kxb3 Rab8+ 37. Kc2 Bxc3 38. Kxc3 Rb4 39. Ra1 Rc4+ 40.
Kd3 Bxa4 41. Bxa5 Rb8 42. Ra3 Ra8 43. Rc3 Rxa5 0-1

[Event "XXXIV Memorial Edoardo Crespi B"]
[Site "Milano ITA"]
[Date "2013.12.08"]
[Round "7"]
[White "Giovarruscio, Gabriele"]
[Black "Biot, Thomas"]
[WhiteElo "1683"]
[BlackElo "1509"]
[Result "1/2-1/2"]
[PlyCount "66"]
[EventDate "2013.12.04"]

1. d4 Nf6 2. c4 c5 3. d5 b5 4. cxb5 a6 5. b6 Qxb6 6. Nc3 d6 7. Nf3 g6 8. g3 Bg4
9. Bg2 Bg7 10. O-O Bxf3 11. Bxf3 Nbd7 12. e4 Ne5 13. Be2 h5 14. Qa4+ Kf8 15. h4
Nfg4 16. Kg2 c4 17. Bxc4 Nxc4 18. Qxc4 Bd4 19. Nd1 Kg7 20. Qe2 Qb5 21. Qd2 Bf6
22. a4 Qc4 23. f3 Ne5 24. Ne3 Qb3 25. Ra3 Qb7 26. b4 Rab8 27. Rb3 Rhc8 28. Bb2
Kg8 29. Bxe5 Bxe5 30. f4 Bf6 31. Rc1 Qd7 32. Rxc8+ Qxc8 33. f5 g5 1/2-1/2

[Event "XXXIV Memorial Edoardo Crespi B"]
[Site "Milano ITA"]
[Date "2013.12.08"]
[Round "7"]
[White "Gonella, Graziano"]
[Black "Verderame, Alberto"]
[WhiteElo "1155"]
[BlackElo "1462"]
[Result "0-1"]
[PlyCount "38"]
[EventDate "2013.12.04"]

1. e4 d6 2. Nf3 Nf6 3. Nc3 c6 4. d4 Bg4 5. Be2 e6 6. Be3 d5 7. exd5 cxd5 8.
Bb5+ Nc6 9. h3 Bh5 10. Qe2 a6 11. Bd3 Nb4 12. g4 Nxd3+ 13. cxd3 Bg6 14. O-O-O
Bb4 15. Bd2 Rc8 16. Ne5 Bxc3 17. Bxc3 b5 18. Nxg6 hxg6 19. b4 Rxc3+ 0-1

[Event "XXXIV Memorial Edoardo Crespi B"]
[Site "Milano ITA"]
[Date "2013.12.08"]
[Round "7"]
[White "Lamera, Giuseppe"]
[Black "Scotti, Luigi"]
[WhiteElo "1494"]
[BlackElo "1470"]
[Result "1-0"]
[PlyCount "69"]
[EventDate "2013.12.04"]

1. c4 e5 2. Nc3 Nf6 3. e4 Nc6 4. a3 a5 5. d3 Bc5 6. Be2 Nd4 7. Nf3 Nxe2 8. Qxe2
d6 9. Be3 Bxe3 10. Qxe3 c5 11. O-O Ng4 12. Qd2 Nf6 13. a4 Bd7 14. b3 h6 15.
Rab1 O-O 16. Ne1 Bc6 17. Nc2 Qc8 18. Ne3 Qe8 19. Nf5 Rd8 20. Qe3 Kh8 21. Nd5
Bxd5 22. cxd5 Ng8 23. Qg3 g6 24. Ne3 Nf6 25. Nc4 Nh5 26. Qf3 f5 27. Qe3 fxe4
28. dxe4 Rf4 29. Nxa5 Qf7 30. Nc4 Nf6 31. f3 Ng8 32. b4 cxb4 33. Rxb4 Rf6 34.
Rfb1 g5 35. Rxb7 1-0

[Event "XXXIV Memorial Edoardo Crespi B"]
[Site "Milano ITA"]
[Date "2013.12.08"]
[Round "7"]
[White "Lapitan, Eusebio"]
[Black "Primerano, Carlo"]
[WhiteElo "1668"]
[BlackElo "1723"]
[Result "0-1"]
[PlyCount "120"]
[EventDate "2013.12.04"]

1. e4 c5 2. f4 Nf6 3. Nc3 d6 4. Nf3 g6 5. Be2 Bg7 6. O-O O-O 7. Nh4 Nc6 8. f5
Nd4 9. Bd3 e5 10. g3 a6 11. a4 Qc7 12. b3 Bd7 13. Nd5 Qd8 14. c3 Nc6 15. Bb2 g5
16. Ng2 Ne7 17. c4 Nexd5 18. cxd5 b5 19. a5 Qc7 20. Qe2 Rfc8 21. Rfc1 Qb7 22.
Ba3 Rc7 23. Ne3 Rac8 24. Kf2 Ra8 25. g4 Qa7 26. Kg3 Kf8 27. Bc2 Ke7 28. d3 Rh8
29. b4 h5 30. bxc5 dxc5 31. Bb2 h4+ 32. Kh3 Ne8 33. Bb3 Nd6 34. Ba3 f6 35. Nf1
Rhc8 36. Qe3 b4 37. Bb2 Ke8 38. Nd2 Bb5 39. Nc4 Nxc4 40. dxc4 Bd7 41. Rd1 Bf8
42. Bxe5 fxe5 43. Qxg5 Be7 44. Qg6+ Kf8 45. d6 Be8 46. dxe7+ Rxe7 47. Qf6+ Bf7
48. g5 Qb7 49. Rd5 Kg8 50. Rad1 Bxd5 51. Rxd5 Rf8 52. Qg6+ Rg7 53. Qe6+ Qf7 54.
Qh6 Rh7 55. Qd6 Qh5 56. Qe6+ Kh8 57. Qxe5+ Rg7 58. Bd1 Qxg5 59. Rd7 Qg2+ 60.
Kxh4 Qg5+ 0-1

[Event "XXXIV Memorial Edoardo Crespi B"]
[Site "Milano ITA"]
[Date "2013.12.08"]
[Round "7"]
[White "Macri', Vincenzo Roberto"]
[Black "Torelli, Mauro"]
[WhiteElo "1561"]
[BlackElo "1713"]
[Result "0-1"]
[PlyCount "58"]
[EventDate "2013.12.04"]

1. e4 e6 2. f4 d5 3. Nc3 d4 4. Nce2 Nf6 5. e5 Nd5 6. Nxd4 Nxf4 7. Ngf3 Bc5 8.
Nb3 Be7 9. d4 Nd5 10. Bd3 Nc6 11. Bd2 Ncb4 12. Be4 f5 13. exf6 Nxf6 14. Ne5
Nxe4 15. Qh5+ g6 16. Nxg6 hxg6 17. Qxg6+ Kd7 18. Qxe4 Rh4 19. Qe2 Nxc2+ 20. Kd1
Nxa1 21. Re1 Qg8 22. d5 Qg4 23. dxe6+ Ke8 24. g3 Qxe2+ 25. Rxe2 Nxb3 26. gxh4
Nxd2 27. Kxd2 Bb4+ 28. Kd3 Ke7 29. h5 Bxe6 0-1

[Event "XXXIV Memorial Edoardo Crespi B"]
[Site "Milano ITA"]
[Date "2013.12.08"]
[Round "7"]
[White "Madaschi, Sergio"]
[Black "Lamperti, Gianloris"]
[WhiteElo "1561"]
[BlackElo "1636"]
[Result "1-0"]
[PlyCount "41"]
[EventDate "2013.12.04"]

1. e4 e6 2. d4 d5 3. Nd2 c5 4. Ngf3 cxd4 5. Nxd4 Nf6 6. exd5 Qxd5 7. N4f3 Nc6
8. Bc4 Qa5 9. O-O Bd7 10. Nb3 Qc7 11. Qe2 Be7 12. Bg5 O-O 13. Rfe1 a6 14. c3
Rac8 15. Bd3 Nd5 16. Bd2 f6 17. Nbd4 e5 18. Nf5 Bc5 19. Be3 Nxe3 20. Nxe3 Ne7
21. Rad1 {...} 1-0

[Event "XXXIV Memorial Edoardo Crespi B"]
[Site "Milano ITA"]
[Date "2013.12.08"]
[Round "7"]
[White "Mandelli, Giacomo"]
[Black "Botta, Massimiliano"]
[WhiteElo "1677"]
[BlackElo "1695"]
[Result "1/2-1/2"]
[PlyCount "61"]
[EventDate "2013.12.04"]

1. e4 c5 2. Nc3 d6 3. d3 Nc6 4. g3 g6 5. Bg2 Bg7 6. f4 e6 7. Nf3 Nge7 8. O-O
Bd7 9. Nb5 Nc8 10. Nc3 a6 11. a4 N8e7 12. Be3 Rb8 13. e5 Nf5 14. Bf2 dxe5 15.
Bxc5 b6 16. Bf2 exf4 17. gxf4 O-O 18. Qd2 Bc8 19. Rfe1 Bb7 20. Ng5 Qc7 21. Rab1
Ncd4 22. Nge4 Qe7 23. Ne2 Qd7 24. Nxd4 Nxd4 25. a5 Rfc8 26. Bxd4 Bxd4+ 27. Kh1
bxa5 28. c3 Bg7 29. d4 a4 30. Ra1 Kf8 31. Qf2 1/2-1/2

[Event "XXXIV Memorial Edoardo Crespi B"]
[Site "Milano ITA"]
[Date "2013.12.08"]
[Round "7"]
[White "Mariucci, Felice"]
[Black "Mazzoccoli, Simone"]
[WhiteElo "1716"]
[BlackElo "1770"]
[Result "1/2-1/2"]
[PlyCount "62"]
[EventDate "2013.12.04"]

1. Nf3 Nf6 2. e3 g6 3. d4 Bg7 4. c4 d6 5. Nc3 O-O 6. Be2 Nbd7 7. Qc2 e5 8. d5
Qe7 9. e4 c6 10. b3 a5 11. O-O h6 12. Ba3 c5 13. Nb5 Nb6 14. Bc1 Kh7 15. a4 Ng8
16. g3 f5 17. Bd3 f4 18. Bb2 Bh3 19. Nh4 Bxf1 20. Bxf1 Bf6 21. Ng2 g5 22. Be2
Bg7 23. Bg4 Nf6 24. Bf5+ Kh8 25. Bc3 Nc8 26. Qe2 b6 27. Bd2 Na7 28. Nc3 Qe8 29.
h4 Qh5 30. g4 Qe8 31. f3 Rb8 1/2-1/2

[Event "XXXIV Memorial Edoardo Crespi B"]
[Site "Milano ITA"]
[Date "2013.12.08"]
[Round "7"]
[White "Mason, Giovanni"]
[Black "Fantina, Carla"]
[WhiteElo "1574"]
[BlackElo "1437"]
[Result "0-1"]
[PlyCount "77"]
[EventDate "2013.12.04"]

1. e4 d6 2. d4 Nf6 3. Bd3 g6 4. c3 Bg7 5. h3 O-O 6. Be3 h6 7. Nd2 Nbd7 8. Ndf3
c5 9. e5 Nd5 10. Qd2 Kh7 11. exd6 exd6 12. O-O-O Nxe3 13. fxe3 Qc7 14. Kb1 Nb6
15. g4 c4 16. Bc2 Bd7 17. Ne2 Nd5 18. e4 Nb6 19. Ng3 a5 20. Rde1 Na4 21. Bxa4
Bxa4 22. Ne2 Bd7 23. Nf4 Bc6 24. Rhf1 b5 25. h4 Qb7 26. d5 Bd7 27. Rg1 b4 28.
Nd4 bxc3 29. Qxc3 Qa7 30. Nfe2 Rfc8 31. Ref1 Be8 32. h5 Be5 33. Rd1 a4 34.
hxg6+ fxg6 35. Qe3 Rab8 36. Kc1 Rb7 37. Rde1 Rcb8 38. Rgf1 Qa6 39. Qf2 0-1

[Event "XXXIV Memorial Edoardo Crespi B"]
[Site "Milano ITA"]
[Date "2013.12.08"]
[Round "7"]
[White "Milazzo, Gianluca"]
[Black "Costanza, Calogero"]
[WhiteElo "1485"]
[BlackElo "1598"]
[Result "1-0"]
[PlyCount "29"]
[EventDate "2013.12.04"]

1. c4 b6 2. Nc3 e6 3. e4 Bb7 4. g3 f5 5. d3 Nf6 6. Bg2 Bb4 7. Nge2 fxe4 8. O-O
d5 9. dxe4 O-O 10. cxd5 exd5 11. exd5 c5 12. dxc6 Nxc6 13. Qb3+ Kh8 14. Bxc6
Bxc6 15. Qxb4 1-0

[Event "XXXIV Memorial Edoardo Crespi B"]
[Site "Milano ITA"]
[Date "2013.12.08"]
[Round "7"]
[White "Paletta, Giuseppe"]
[Black "Veri', Giustino"]
[WhiteElo "1705"]
[BlackElo "1708"]
[Result "1/2-1/2"]
[PlyCount "47"]
[EventDate "2013.12.04"]

1. d4 Nf6 2. c4 g6 3. Nc3 d5 4. cxd5 Nxd5 5. e4 Nxc3 6. bxc3 Bg7 7. Nf3 c5 8.
Be3 Nc6 9. Rc1 O-O 10. d5 Ne5 11. Bxc5 Bg4 12. Be2 Qc7 13. Bd4 Nxf3+ 14. Bxf3
Bxf3 15. gxf3 Bh6 16. Be3 Bg7 17. Qd2 Rfd8 18. Bd4 Be5 19. Bxe5 Qxe5 20. Qe3
Rac8 21. Ke2 e6 22. f4 Qh5+ 23. Qf3 Qxf3+ 24. Kxf3 1/2-1/2

[Event "XXXIV Memorial Edoardo Crespi B"]
[Site "Milano ITA"]
[Date "2013.12.08"]
[Round "7"]
[White "Pandini, Giuseppe"]
[Black "Carli, Federico"]
[WhiteElo "1733"]
[BlackElo "1518"]
[Result "1-0"]
[PlyCount "79"]
[EventDate "2013.12.04"]

1. f4 d5 2. Nf3 Nf6 3. e3 e6 4. b3 Bd6 5. Bb2 O-O 6. Bd3 Nbd7 7. O-O c5 8. Ne5
Qc7 9. Ng4 e5 10. fxe5 Bxe5 11. Bxe5 Nxe5 12. Nxf6+ gxf6 13. Be2 Kh8 14. Rxf6
Ng4 15. Rf4 Qe5 16. c3 h5 17. Na3 Rg8 18. Nc2 Qg7 19. Ne1 Be6 20. Bf3 Rae8 21.
Rb1 h4 22. b4 c4 23. Qe2 h3 24. g3 Ne5 25. Qf2 Qg6 26. Rb2 Rg7 27. Rh4+ Rh7 28.
Rxh7+ Kxh7 29. Be2 Rg8 30. Qf4 Qg7 31. Nf3 Nxf3+ 32. Bxf3 Bg4 33. Bxg4 Qxg4 34.
Qf1 Rg5 35. d4 cxd3 36. Qxd3+ Kh6 37. Rf2 Qe6 38. Rf4 Rh5 39. Qd4 Kg5 40. Qg7+
1-0

[Event "XXXIV Memorial Edoardo Crespi B"]
[Site "Milano ITA"]
[Date "2013.12.08"]
[Round "7"]
[White "Pollio, Ciro"]
[Black "Cesetti, Egidio"]
[WhiteElo "1764"]
[BlackElo "1606"]
[Result "1/2-1/2"]
[PlyCount "128"]
[EventDate "2013.12.04"]

1. d4 Nf6 2. c4 e6 3. a3 d5 4. Nc3 dxc4 5. e4 c5 6. d5 exd5 7. exd5 a6 8. Bxc4
b5 9. Be2 b4 10. axb4 cxb4 11. Na4 Qxd5 12. Be3 Qxd1+ 13. Rxd1 Nbd7 14. Bf3 Rb8
15. Bf4 Rb5 16. Bc6 Bb7 17. Bxb7 Rxb7 18. Nf3 Be7 19. O-O O-O 20. Rfe1 Re8 21.
Bg5 h6 22. Bh4 g5 23. Bg3 Nb6 24. Nxb6 Rxb6 25. Nd4 Bd6 26. Rxe8+ Nxe8 27. Re1
Kf8 28. Be5 Bxe5 29. Rxe5 Rd6 30. Nf3 g4 31. Ne1 Re6 32. Rxe6 fxe6 33. Nd3 a5
34. Ne5 h5 35. Nc6 Nc7 36. Kf1 Nd5 37. Nxa5 Ke7 38. g3 Kd6 39. Ke2 Nb6 40. Kd3
Kd5 41. b3 Nd7 42. Nb7 Ne5+ 43. Ke3 Nf3 44. h3 Nd4 45. hxg4 hxg4 46. Na5 e5 47.
Kd3 Nf3 48. Nc4 Ng5 49. Ne3+ Kc5 50. Nxg4 e4+ 51. Ke3 Kd5 52. Nh2 Ne6 53. Nf1
Nc5 54. Nd2 Ke5 55. g4 Kd5 56. g5 Ke5 57. Nc4+ Kf5 58. Nd6+ Kg6 59. Nxe4 Nxb3
60. Kd3 Na5 61. f4 Kf5 62. Nc5 Kxf4 63. g6 Nc6 64. g7 Ne7 1/2-1/2

[Event "XXXIV Memorial Edoardo Crespi B"]
[Site "Milano ITA"]
[Date "2013.12.08"]
[Round "7"]
[White "Ragoso, Mario"]
[Black "Del Frate, Walter"]
[WhiteElo "1645"]
[BlackElo "1539"]
[Result "0-1"]
[PlyCount "40"]
[EventDate "2013.12.04"]

1. d4 d5 2. c4 e6 3. Nc3 Nf6 4. Bg5 Nbd7 5. cxd5 exd5 6. e3 Be7 7. Bd3 O-O 8.
Nf3 c6 9. Qc2 Re8 10. Bf4 Nf8 11. h4 Bd6 12. Ne5 Ng4 13. Bg5 f6 14. Nxg4 Bxg4
15. Be2 Bxe2 16. Qxe2 fxg5 17. hxg5 Qxg5 18. Rh5 Qxg2 19. O-O-O Re6 20. Rdh1
Rf6 0-1

[Event "XXXIV Memorial Edoardo Crespi B"]
[Site "Milano ITA"]
[Date "2013.12.08"]
[Round "7"]
[White "Ricci, Leonardo"]
[Black "Bianchi, Paolo"]
[WhiteElo "1621"]
[BlackElo "1692"]
[Result "0-1"]
[PlyCount "102"]
[EventDate "2013.12.04"]

1. e4 d6 2. d4 Nf6 3. Nc3 g6 4. Be3 Bg7 5. Qd2 O-O 6. Nf3 Bg4 7. Be2 c6 8. h3
Bxf3 9. Bxf3 Nbd7 10. O-O-O e5 11. d5 c5 12. g4 Qa5 13. h4 b5 14. a3 Nb6 15.
Nb1 Qxd2+ 16. Nxd2 Nc4 17. Nxc4 bxc4 18. h5 Rab8 19. hxg6 fxg6 20. g5 Ne8 21.
Be2 c3 22. b3 Nc7 23. a4 Rb4 24. Bc4 a5 25. Rd3 Rfb8 26. Rxc3 Na8 27. Rh4 Nb6
28. Bb5 Nxd5 29. exd5 Rxh4 30. Rc4 Rh1+ 31. Kd2 h6 32. gxh6 Bxh6 33. Rg4 Bxe3+
34. Kxe3 Kg7 35. Bd3 Rh6 36. Kd2 Rf8 37. Rg2 Rf4 38. Ke2 Kf6 39. f3 Rfh4 40.
Ke3 g5 41. Be4 Rh3 42. Rg4 R6h4 43. Kd2 Rxg4 44. fxg4 Rg3 45. Bf5 Rf3 46. Bd3
Rf4 47. Bf5 Rxf5 48. gxf5 Kxf5 49. Ke3 e4 50. c3 Ke5 51. b4 cxb4 0-1

[Event "XXXIV Memorial Edoardo Crespi B"]
[Site "Milano ITA"]
[Date "2013.12.08"]
[Round "7"]
[White "Russo, Luca"]
[Black "Colica, Daniele"]
[WhiteElo "1593"]
[BlackElo "1701"]
[Result "1-0"]
[PlyCount "93"]
[EventDate "2013.12.04"]

1. e4 Nf6 2. Nc3 d5 3. exd5 Nxd5 4. Nxd5 Qxd5 5. d4 Nc6 6. Nf3 Bg4 7. Be3 O-O-O
8. Be2 e6 9. h3 Bxf3 10. Bxf3 Qa5+ 11. c3 Be7 12. O-O h5 13. Bxc6 bxc6 14. Qf3
Qd5 15. Qxf7 Bf6 16. Qg6 e5 17. Qf5+ Kb8 18. dxe5 Bxe5 19. Qc2 Ka8 20. Qa4 c5
21. Rfd1 Qb7 22. Bxc5 g5 23. Rxd8+ Rxd8 24. Rd1 Rxd1+ 25. Qxd1 Qe4 26. Qf3 Qxf3
27. gxf3 Kb7 28. Be3 Bf6 29. f4 gxf4 30. Bxf4 c6 31. Kg2 a6 32. Kf3 c5 33. Ke4
Kc6 34. Kf5 Bh8 35. Kg5 Kd5 36. Be3 c4 37. f3 a5 38. a4 h4 39. Bf2 Be5 40. Bxh4
Ke6 41. Kg6 Bc7 42. Bf6 Bb6 43. h4 Bc5 44. h5 Be3 45. Bg5 Bc5 46. h6 Bd6 47.
Bf6 1-0

[Event "XXXIV Memorial Edoardo Crespi B"]
[Site "Milano ITA"]
[Date "2013.12.08"]
[Round "7"]
[White "Spada, Maurizio"]
[Black "Bracco, Valter"]
[WhiteElo "1617"]
[BlackElo "1492"]
[Result "1-0"]
[PlyCount "57"]
[EventDate "2013.12.04"]

1. e4 c5 2. c3 Nc6 3. Nf3 g6 4. d4 cxd4 5. cxd4 Bg7 6. Bc4 e6 7. O-O Nge7 8.
Nc3 d5 9. exd5 exd5 10. Bb3 Bg4 11. Be3 O-O 12. h3 Bxf3 13. Qxf3 Nxd4 14. Bxd4
Bxd4 15. Nxd5 Nxd5 16. Bxd5 Rb8 17. Rad1 Qb6 18. b3 Bg7 19. Bc4 Qf6 20. Qe3 b6
21. Rd7 a5 22. a4 Rbd8 23. Rfd1 h5 24. Qd3 Rde8 25. Rd6 Qe5 26. Rxg6 Kh8 27.
Rxb6 Bf6 28. Rb5 Qf4 29. Rxh5+ 1-0

[Event "XXXIV Memorial Edoardo Crespi B"]
[Site "Milano ITA"]
[Date "2013.12.08"]
[Round "7"]
[White "Uccelli, Federico"]
[Black "Tomarchio, Cono"]
[WhiteElo "1389"]
[BlackElo "1471"]
[Result "1/2-1/2"]
[PlyCount "92"]
[EventDate "2013.12.04"]

1. d4 e6 2. e4 b6 3. Nf3 d6 4. Be3 Bb7 5. Nbd2 Be7 6. Bd3 Nf6 7. c4 O-O 8. e5
dxe5 9. Nxe5 Bxg2 10. Rg1 Bb7 11. Ndf3 Bb4+ 12. Bd2 Bxd2+ 13. Qxd2 Bxf3 14.
Nxf3 Nbd7 15. h4 g6 16. Qh6 Nc5 17. O-O-O Nxd3+ 18. Rxd3 c5 19. h5 Kh8 20. Ng5
Qd6 21. hxg6 Qf4+ 22. Kb1 fxg6 23. Nf7+ Rxf7 24. Qxf4 Raf8 25. dxc5 bxc5 26.
Qe5 Rg7 27. Qxe6 Nh5 28. Qg4 Rgf7 29. Rf1 Rf4 30. Qe6 R4f5 31. Qe3 Nf4 32. Kc2
Nxd3 33. Kxd3 Rf3 34. Qxf3 Rxf3+ 35. Ke4 Rf5 36. f4 Kg7 37. Rd1 Rf7 38. Rd5 Rc7
39. Kf3 h5 40. Kg3 a5 41. Kh4 Kf6 42. b3 Re7 43. Rxc5 Re4 44. Kg3 Re3+ 45. Kh4
Re4 46. Kg3 Re3+ 1/2-1/2

[Event "XXXIV Memorial Edoardo Crespi B"]
[Site "Milano ITA"]
[Date "2013.12.08"]
[Round "7"]
[White "Versari, Marino"]
[Black "Andolfatto, Maria"]
[WhiteElo "1600"]
[BlackElo "1496"]
[Result "1-0"]
[PlyCount "105"]
[EventDate "2013.12.04"]

1. d4 d5 2. c4 e6 3. Nc3 Nf6 4. Nf3 a6 5. a3 dxc4 6. Qa4+ c6 7. Qxc4 b5 8. Qd3
c5 9. e3 cxd4 10. exd4 Bb7 11. Be2 Nc6 12. b4 Be7 13. O-O Rc8 14. Bb2 O-O 15.
Rfd1 Nd5 16. Nxd5 Qxd5 17. Ne1 Bf6 18. Bf3 Qd6 19. Rac1 Ba8 20. Bxc6 Bxc6 21.
Nf3 Bd5 22. Rc5 h6 23. Rdc1 Rcd8 24. Rd1 Bc4 25. Qe3 Rd7 26. h3 Bd8 27. Ne5 Bc7
28. g3 Rdd8 29. Nxc4 bxc4 30. Rxc4 Bb6 31. Qd3 Ra8 32. Rdc1 Rfb8 33. Rc6 Qd5
34. R1c4 e5 35. Qf5 Re8 36. Rc8 Raxc8 37. Rxc8 Rxc8 38. Qxc8+ Kh7 39. Qf5+ Kg8
40. Qxe5 Qxe5 41. dxe5 Kf8 42. Kf1 Ke7 43. Ke2 Ke6 44. f4 Kd5 45. Kd3 a5 46.
bxa5 Bxa5 47. Bc3 Bb6 48. Be1 Bg1 49. a4 g6 50. Ke2 Ba7 51. Bf2 Bb8 52. a5 Kc6
53. a6 1-0